{"text_format":"2","workbook":"xlsx","n_sheets":14,"sheets":["PFP","PFP1.0_ConcretoArmado","PFP1.2_Geo","PFP1.3_Ger","PFP2.1_FatorKa","PFP2.2_FatorKb","PFP2.3_FatorKc","PFP3_FatorKd","CRO1_Ins-Pro","CRO2_Ins-Mes","CPU VEICULO_PickUp","CPU VEICULO_Leve","Drone","COT. VANT"],"not_rendered":{"charts":0,"images":27,"macros":0,"external_links":41,"defined_names":6701,"comments":0,"pivot_tables":0},"unopened":[],"bounds":{"document_bytes":16777216,"sheet_cells":100000,"run_cost":"one","rows_first":2000,"rows_last":500,"rows_between":2000,"halvings":0,"cell_chars":16384,"cell_head_chars":4096},"cells_cut":0,"cells_raw":0,"read":"whole","date_system":"1900"}

{"sheet":"PFP","index":0,"n_rows":43,"n_cols":18,"rows_kept":43,"cut":false,"hidden":false,"merged":[[5,9,5,10],[5,5,5,8],[20,0,20,6],[20,7,20,10],[5,0,5,4],[19,0,19,6],[19,7,19,10],[0,0,1,8],[4,5,4,8],[0,9,0,10],[1,9,1,10],[4,9,4,10],[2,0,2,10],[3,0,3,10],[4,0,4,4],[37,0,37,10],[30,0,30,10],[32,0,32,10],[24,0,24,10],[31,0,31,10],[27,0,27,10],[33,0,33,10],[34,0,34,10],[35,0,35,10],[36,0,36,10],[28,0,28,10],[22,7,22,10],[22,0,22,6],[21,7,21,10],[21,0,21,6],[29,0,29,10],[23,0,23,6],[23,7,23,10],[26,0,26,10],[25,0,25,10]]}
["PROPOSTA FINANCEIRA DO PROJETO",{"$nulls":8},"CODIGO:"]
[{"$nulls":9},"PFP"]
["NOME DA CONSULTORA:"]
[]
["PROJETO:",{"$nulls":4},"CONTRATANTE:",null,null,null,"BASE:"]
["Contrato para elaboração de ensaios, laudo técnico de avaliação e projeto estrutural de sistema elevado em concreto armado sobre a margem do rio amazonas na cidade de Santana-AP.",{"$nulls":4},"CODEVASF (SEDE)",null,null,null,"2023-10-01"]
["Base","Cod2","Cod3","Categoria / Insumo","Uni","Qde","CUD","PU","FatorK","CT","PT","Encargos COMP E ADICIONAIS","SOCIAIS","TOTAIS"]
["SICRO","MO3","P0","Engenheiro coordenador (P8061)","mês",{"$f":"'CRO1_Ins-Pro'!D5","v":0.95},17018.13,{"$f":"ROUND(I8*G8,2)","v":22251.200000000001},{"$f":"'PFP2.3_FatorKc'!E35","v":1.3075000000000001},{"$f":"ROUND(F8*G8,2)","v":16167.22},{"$f":"ROUND(F8*H8,2)","v":21138.639999999999},{"$f":"N8-M8","v":1026.8900000000012},13451.98,14478.87,null,null,null,{"$f":"322+140+210","v":672}]
["SICRO","MO2","P1","Engenheiro sênior (P8067)","mês",{"$f":"'CRO1_Ins-Pro'!D6","v":3},14672.91,22762.09,{"$f":"'PFP2.2_FatorKb'!$E$35","v":1.5512999999999999},44018.73,68286.27,{"$f":"N9-M9","v":1030.1900000000005},11533.74,12563.93]
["SICRO","MO1","P2","Engenheiro pleno (P8066)","mês",{"$f":"'CRO1_Ins-Pro'!D7","v":3.25},11469.24,{"$f":"ROUND(I10*G10,2)","v":31057.55},{"$f":"'PFP2.1_FatorKa'!$E$38","v":2.7079},{"$f":"ROUND(F10*G10,2)","v":37275.03},100937.04,{"$f":"N10-M10","v":1030.1899999999987},8980.3700000000008,10010.56]
["SICRO","MO1","T1","Técnico de projetos/obra (P8147)","mês",{"$f":"'CRO1_Ins-Pro'!D8","v":0.25},3091.07,8370.31,{"$f":"'PFP2.1_FatorKa'!$E$38","v":2.7079},772.77,2092.58,1070.1799999999998,2450.48,3520.66]
["SINAPI","MO1","D","Desenhista (40807)","mês",{"$f":"'CRO1_Ins-Pro'!D9","v":2.1},2744.46,{"$f":"ROUND(I12*G12,2)","v":7431.72},{"$f":"'PFP2.1_FatorKa'!$E$38","v":2.7079},5763.37,15606.61,1070.1799999999998,2450.48,3520.66]
["SINAPI","MO2","T1","Topógrafo (7592)","h",{"$f":"'CRO1_Ins-Pro'!D10","v":30},21.06,{"$f":"ROUND(I13*G13,2)","v":32.67},{"$f":"'PFP2.2_FatorKb'!$E$35","v":1.5512999999999999},631.79999999999995,980.1]
["SINAPI","MO2","T2","Auxiliar de Topógrafo (0244)","h",{"$f":"'CRO1_Ins-Pro'!D11","v":60},9.48,14.71,{"$f":"'PFP2.2_FatorKb'!$E$35","v":1.5512999999999999},568.79999999999995,882.6]
["SICRO","EC","ECA","Encargos Comp. e Adicionais","mês",{"$f":"'CRO1_Ins-Pro'!D12","v":9.5500000000000007},{"$f":"(L8*F8+L9*F9+L10*F10+L11*F11+L12*F12)/F15","v":1039.7021989528794},{"$f":"ROUND(I15*G15,2)","v":1267.5999999999999},{"$f":"PFP3_FatorKd!$E$17","v":1.2192000000000001},{"$f":"ROUND(F15*G15,2)","v":9929.16},{"$f":"ROUND(F15*H15,2)","v":12105.58}]
["CODE","EM","M2","Relatório Final","un",{"$f":"'CRO1_Ins-Pro'!D13","v":3},1478.8,1802.95,{"$f":"PFP3_FatorKd!$E$17","v":1.2192000000000001},4436.3999999999996,{"$f":"ROUND(F16*H16,2)","v":5408.85}]
["CODE","SU","GEO","Total Serviços Geotécnicos","un",{"$f":"'CRO1_Ins-Pro'!D14","v":1},"-",{"$f":"'PFP1.2_Geo'!G23","v":18220.3},"-","-",18220.3]
["CODE","SU","GEO","Total Ensaios no Concreto Armado","un",1,"-",{"$f":"'PFP1.0_ConcretoArmado'!G14","v":23078.22},"-","-",23078.22]
["CODE","SU","GEO","Total Recursos Gerais","un",{"$f":"'CRO1_Ins-Pro'!D16","v":1},"-",{"$f":"'PFP1.3_Ger'!G17","v":45266.402433283314},"-","-",45266.400000000001]
["TOTAL DOS CUSTOS DIRETOS",{"$nulls":6},{"$f":"SUM(J8:J19)","v":119563.28000000001}]
["TOTAL DOS ENCARGOS E DISPESAS DIVERSAS",{"$nulls":6},{"$f":"H22-H20","v":107874.99}]
["TOTAL DA PROPOSTA A PREÇO GLOBAL",{"$nulls":6},{"$f":"SUM(K8:K16)","v":227438.27000000002}]
["TOTAL DA PROPOSTA A PREÇO UNITÁRIO",{"$nulls":6},{"$f":"SUM(K17:K19)","v":86564.920000000013}]
["TOTAL DA PROPOSTA",{"$nulls":6},{"$f":"H22+H23","v":314003.19000000006}]
["OBSERVAÇÃO:"]
["*Encargos Complementares e adicionais já incluem auxílio transporte"]
["Alocar os Insumos MO, com respectivo FatorK, dentro da categoria de vínculo contratual (celetista, autonomo, societario)"]
["Uni - unidade de medição do insumo;"]
["Qde - Quantidade do Insumo (não pode ocorrer alteração pela Licitante)"]
["CUD - Custo Unitário Direto do Insumo (sem encargos, taxas e impostos, valor não pode ser maior que o Orçado pela Codevasf)"]
["CT - Custo Total (sem encargos, taxas e impostos) - CT = Qde x CUD"]
["FatorK - Taxa de Ressarcimento de Despesas e Encargos (detalhar composição nas Planilhas \"PFP2.1\", \"PFP2.2\", \"PFP3\")"]
["PU - Preço Unitário do Insumo (incluído encargos, taxas e impostos) - PU = CUD x FatorK"]
["PT - Preço Total do Insumo (incluído encargos, taxas e impostos) - PT = Qde x PU"]
["P - Profissionais nível superior nas áreas de Engenharia, Química, Arquitetura, Agronomia e Veterinária, conforme disposições da Lei 4.950-A/66"]
["S - Profissionais de nível superior nas demais áreas de atuação, incluindo Arqueólogo, Biólogo, Geógrafo e Sociólogo"]
["T - Profissionais de nível médio técnico nas diversas áreas de atuação"]
["A - Profissionais de nível médio de apoio técnico-administrativo"]
[]
["Observações: "]
["1- Sistemas oficiais de referência de preços utilizados"]
["Tabela Consultiva do DNIT-Out/2022."]
["SINAPI/AL - 02/2023"]

{"sheet":"PFP1.0_ConcretoArmado","index":1,"n_rows":19,"n_cols":9,"rows_kept":19,"cut":false,"hidden":false,"merged":[[18,0,18,6],[0,0,1,5],[2,0,2,6],[3,0,3,6],[4,0,4,3],[4,4,4,5],[5,0,5,3],[5,4,5,5],[13,0,13,5],[14,0,14,6],[15,0,15,6],[16,0,16,6],[17,0,17,6]]}
["ENSAIOS NO CONCRETO ARMADO",{"$nulls":5},"CODIGO:"]
[{"$nulls":6},"PFP-1.0"]
["NOME DA EMPRESA:"]
[]
["PROJETO:",null,null,null,"CONTRATANTE:",null,{"$f":"PFP!J5","v":"BASE:"}]
[{"$f":"PFP!A6","v":"Contrato para elaboração de ensaios, laudo técnico de avaliação e projeto estrutural de sistema elevado em concreto armado sobre a margem do rio amazonas na cidade de Santana-AP."},null,null,null,"CODEVASF (SEDE)",null,{"$f":"PFP!J6","v":"2023-10-01"}]
["Cod.","Base","Insumos","Uni","Qde","Preço Unitário (PU)","Preço Total (PT)",null,"Fonte:"]
[null,null,"Esclerometria","Un",18,225,{"$f":"E8*F8","v":4050},null,"LATEC - UNIVATES - 2023"]
[null,null,"Ultrassom","Un",12,500,{"$f":"E9*F9","v":6000},null,"LATEC - UNIVATES - 2023"]
[null,null,"Carbonatação","Un",9,109.46,985.14]
[null,null,"Extração Corpo de Prova e Ensaio de Resistencia a Compressão","Un ",12,{"$f":"135+360","v":495},5940,null,"LATEC - UNIVATES - 2023"]
[null,null,"Pacometria","Un",18,226.04,4068.72]
[null,null,"Potencial de Corrosão","Un",9,226.04,2034.36]
["ENSAIOS NO CONCRETO ARMADO",{"$nulls":5},{"$f":"SUM(G8:G13)","v":23078.22}]
["OBSERVAÇÃO:"]
["Uni - unidade de medição do insumo;"]
["Qde - Quantidade do Insumo (não pode ocorrer alteração pela Licitante)"]
["PU - Preço Unitário (composições padrão da Codevasf, já incluso o FatorK)"]
["PT - Preço Total (incluído encargos, taxas e impostos) - PT = Qde x PU"]

{"sheet":"PFP1.2_Geo","index":2,"n_rows":28,"n_cols":10,"rows_kept":28,"cut":false,"hidden":false,"merged":[[26,0,26,6],[27,0,27,6],[22,0,22,5],[23,0,23,6],[24,0,24,6],[25,0,25,6],[5,0,5,3],[5,4,5,5],[0,0,1,5],[2,0,2,6],[3,0,3,6],[4,0,4,3],[4,4,4,5]]}
["SERVIÇOS GEOLÓGICOS/GEOTÉCNICOS",{"$nulls":5},"CODIGO:"]
[{"$nulls":6},"PFP-1.2"]
["NOME DA EMPRESA:"]
[]
["PROJETO: ",null,null,null,"CONTRATANTE:",null,{"$f":"PFP!J5","v":"BASE:"}]
[{"$f":"PFP!A6","v":"Contrato para elaboração de ensaios, laudo técnico de avaliação e projeto estrutural de sistema elevado em concreto armado sobre a margem do rio amazonas na cidade de Santana-AP."},null,null,null,"CODEVASF (SEDE)",null,{"$f":"PFP!J6","v":"2023-10-01"}]
["Cod.","Base","Insumos","Uni","Qde","Preço Unitário (PU)","Preço Total (PT)"]
["GT 2","CODE","Sondagem a Percussão SPT"]
["GT2.1","CODE","Sondagem Percussão: (Des)Mobilização por equipe","un",2,1249.33,{"$f":"F9*E9","v":2498.66},null,"CPOS","A.07.000.020476"]
["GT2.2","CODE","Sondagem Percursão: com SPT ","m",50,94.11,{"$f":"F10*E10","v":4705.5},null,"CPOS","A.07.000.020483"]
["GT2.2.2.1","CODE","Sondagem Percursão: Desloc/Instalação 0-200 m","un",4,183.44,733.76,null,"SIURB",200204]
["GT3","CODE","Sondagem a trado ","m",20,63.5,1270,null,"EMBASA","32.01.01"]
["GT4","CODE","Ensaios: "]
["GT4.1","CODE","Ensaios de solo"]
["GT4.1.2","CODE","Ensaio: Densidade Natural","un",10,68.87,{"$f":"F15*E15","v":688.7},null,"EMBASA","E200340122"]
["GT4.1.3","CODE","Ensaio: Limite de Liquidez","un",10,86.09,{"$f":"F16*E16","v":860.90000000000009},null,"EMBASA","E200340107"]
["GT4.1.4","CODE","Ensaio: Limite de Plasticidade","un",10,77.48,774.80000000000007,null,"EMBASA","E200340110"]
["GT4.1.5","CODE","Ensaio: Granulometria por Peneiramento","un",10,110,1100,null,"EMBASA","F099703060"]
["GT4.1.6","CODE","Ensaio: Granulometria por Sedimentação","un",10,124.27,1242.7,null,"COMPESA","01.07.07U"]
["GT4.1.8","CODE","Ensaio: Massa Especifica Real dos Grãos","un",10,65.78,657.8,null,"EMBASA","34.01.16"]
["GT4.1.11","CODE","Ensaio: Triaxial UU não consolidado não drenado","un",2,1843.74,3687.48,null,"EMBASA","34.01.71"]
[]
["TOTAL SERVIÇOS GEOTÉCNICOS",{"$nulls":5},{"$f":"SUM(G9:G22)","v":18220.3}]
["LEGENDA:"]
["Uni - unidade de medição do insumo;"]
["Qde - Quantidade do Insumo (não pode ocorrer alteração pela Licitante)"]
["PU - Preço Unitário (composições padrão da Codevasf, já incluso o FatorK)"]
["PT - Preço Total (incluído encargos, taxas e impostos) - PT = Qde x PU"]

{"sheet":"PFP1.3_Ger","index":3,"n_rows":24,"n_cols":7,"rows_kept":24,"cut":false,"hidden":false,"merged":[[0,0,1,6],[21,0,21,6],[16,0,16,5],[17,0,17,6],[18,0,18,6],[19,0,19,6],[20,0,20,6],[5,0,5,3],[5,4,5,5],[2,0,2,6],[3,0,3,6],[4,0,4,3],[4,4,4,5]]}
["RECURSOS GERAIS"]
[]
["NOME DA EMPRESA:"]
[]
["PROJETO: ",null,null,null,"CONTRATANTE:",null,{"$f":"PFP!J5","v":"BASE:"}]
[{"$f":"PFP!A6","v":"Contrato para elaboração de ensaios, laudo técnico de avaliação e projeto estrutural de sistema elevado em concreto armado sobre a margem do rio amazonas na cidade de Santana-AP."},null,null,null,"CODEVASF (SEDE)",null,{"$f":"PFP!J6","v":"2023-10-01"}]
["Cod.","Base","Insumos","Uni","Qde","Preço Unitário (PU)","Preço Total (PT)"]
["V1","CODE","Diárias","dia",30,305.10000000000002,{"$f":"E8*F8","v":9153}]
["V2","CODE","Veículo leve - 53 kW (sem motorista)","mês",3,{"$f":"'CPU VEICULO_Leve'!D7","v":3474.2351535442594},10422.705460632778]
["V3","CODE","Caminhonete 2.8 4x4 Diesel","mês","1",{"$f":"'CPU VEICULO_PickUp'!D7","v":4852.462389317192},4852.462389317192]
["B8951","DNIT","Imóvel Comercial","m².mês","120",46.53,5583.6]
["B8953","DNIT","Mobiliário de Escritório","Ocupante.mês","24",505.99,12143.76]
["B8959","DNIT","Custos Diversos de Escritório","Ocupante.mês","24",129,3096]
[13244,"SINAPI","Cone de Sinalização em PVC Rígido com Faixa Refletiva, h = 70/76 cm   *                                                                                                                                                                                                                                                                                                                                                                                                                               ","Uni",2,{"$f":"62.5/24","v":2.6041666666666665},5.208333333333333]
[38477,"SINAPI","Escada Extensível em Alumínio com 6,00 m Estendida                                  *                                                                                                                                                                                                                                                                                                                                                                                                               ","Uni","0,20",{"$f":"1159.95/24","v":48.331250000000004},9.6662500000000016]
["S.01.000.080357","CPOS","Estação total **","mês","0,1",{"$f":"8.82*176","v":1552.3200000000002},155.23200000000003]
["TOTAL RECURSOS GERAIS",{"$nulls":5},{"$f":"SUM(G8:G15)","v":45266.402433283314}]
["LEGENDA:"]
["Uni - unidade de medição do insumo;"]
["Qde - Quantidade do Insumo (não pode ocorrer alteração pela Licitante)"]
["PU - Preço Unitário (composições padrão da Codevasf, já incluso o FatorK)"]
["PT - Preço Total (incluído encargos, taxas e impostos) - PT = Qde x PU"]
["* Preço mensal considerando depreciação total em 2 anos"]
["** Preço de aluguel horário convertido em aluguel mensal pelas horas úteis de um mês"]

{"sheet":"PFP2.1_FatorKa","index":4,"n_rows":43,"n_cols":6,"rows_kept":43,"cut":false,"hidden":false,"merged":[[21,1,21,3],[22,1,22,3],[25,1,25,3],[9,1,9,3],[10,1,10,3],[11,1,11,3],[12,1,12,3],[17,1,17,3],[18,1,18,3],[36,1,36,3],[0,0,1,4],[2,0,2,5],[5,0,5,1],[5,2,5,4],[4,2,4,4],[3,0,3,5],[26,1,26,3],[7,1,7,3],[16,1,16,3],[8,1,8,3],[13,1,13,3],[14,1,14,3],[15,1,15,3],[19,1,19,3],[20,1,20,3],[37,1,37,3],[6,1,6,3],[42,0,42,5],[41,0,41,5],[40,0,40,5],[39,0,39,5],[24,1,24,3],[31,1,31,3],[32,1,32,3],[30,1,30,3],[27,1,27,3],[28,1,28,3],[29,1,29,3],[35,1,35,3],[33,1,33,3],[34,1,34,3]]}
["DETALHAMENTO DOS ENCARGOS SOCIAIS: Ka",{"$nulls":4},"CODIGO:"]
[{"$nulls":5},"PFP-2.1"]
["NOME DA CONSULTORA:"]
[]
["PROJETO:",null,"CONTRATANTE:",null,null,{"$f":"PFP!J5","v":"BASE:"}]
[{"$f":"PFP!A6","v":"Contrato para elaboração de ensaios, laudo técnico de avaliação e projeto estrutural de sistema elevado em concreto armado sobre a margem do rio amazonas na cidade de Santana-AP."},null,"CODEVASF (SEDE)",null,null,"SINAPI/AP: 12/22"]
["Cod","DESCRIÇÃO",null,null,"%","R$"]
["A","ENCARGOS SOCIAIS BÁSICOS",null,null,{"$f":"ROUND(SUM(E9:E16),4)","v":0.36799999999999999},{"$f":"ROUND(E8*SUMIF(PFP!$B$8:$B$19,\"MO1\",PFP!$J$8:$J$19),2)","v":16122.51}]
["A1","INSS",null,null,0.2,{"$f":"ROUND(E9*SUMIF(PFP!$B$8:$B$19,\"MO1\",PFP!$J$8:$J$19),2)","v":8762.23}]
["A2","SESI",null,null,1.4999999999999999E-2,{"$f":"ROUND(E10*SUMIF(PFP!$B$8:$B$19,\"MO1\",PFP!$J$8:$J$19),2)","v":657.17}]
["A3","SENAI",null,null,0.01,{"$f":"ROUND(E11*SUMIF(PFP!$B$8:$B$19,\"MO1\",PFP!$J$8:$J$19),2)","v":438.11}]
["A4","INCRA",null,null,2E-3,{"$f":"ROUND(E12*SUMIF(PFP!$B$8:$B$19,\"MO1\",PFP!$J$8:$J$19),2)","v":87.62}]
["A5","SEBRAE",null,null,6.0000000000000001E-3,{"$f":"ROUND(E13*SUMIF(PFP!$B$8:$B$19,\"MO1\",PFP!$J$8:$J$19),2)","v":262.87}]
["A6","Salário Educação",null,null,2.5000000000000001E-2,{"$f":"ROUND(E14*SUMIF(PFP!$B$8:$B$19,\"MO1\",PFP!$J$8:$J$19),2)","v":1095.28}]
["A7","Seguro Contra Acidentes de Trabalho",null,null,0.03,{"$f":"ROUND(E15*SUMIF(PFP!$B$8:$B$19,\"MO1\",PFP!$J$8:$J$19),2)","v":1314.34}]
["A8","FGTS",null,null,0.08,{"$f":"ROUND(E16*SUMIF(PFP!$B$8:$B$19,\"MO1\",PFP!$J$8:$J$19),2)","v":3504.89}]
["B"," ENCARGOS SOCIAIS QUE RECEBEM INCIDÊNCIA DE \"A\"",null,null,{"$f":"ROUND(SUM(E18:E27),4)","v":0.5081},{"$f":"ROUND(E17*SUMIF(PFP!$B$8:$B$19,\"MO1\",PFP!$J$8:$J$19),2)","v":22260.46}]
["B1","Auxílio Enfermidade",null,null,0.1812,{"$f":"ROUND(E18*SUMIF(PFP!$B$8:$B$19,\"MO1\",PFP!$J$8:$J$19),2)","v":7938.58}]
["B2","13º Salário",null,null,4.8300000000000003E-2,{"$f":"ROUND(E19*SUMIF(PFP!$B$8:$B$19,\"MO1\",PFP!$J$8:$J$19),2)","v":2116.08}]
["B3","Auxílio Enfermidade",null,null,8.8999999999999999E-3,{"$f":"ROUND(E20*SUMIF(PFP!$B$8:$B$19,\"MO1\",PFP!$J$8:$J$19),2)","v":389.92}]
["B4","13º Salário",null,null,0.112,{"$f":"ROUND(E21*SUMIF(PFP!$B$8:$B$19,\"MO1\",PFP!$J$8:$J$19),2)","v":4906.8500000000004}]
["B5","Licença Paternidade",null,null,6.9999999999999999E-4,{"$f":"ROUND(E22*SUMIF(PFP!$B$8:$B$19,\"MO1\",PFP!$J$8:$J$19),2)","v":30.67}]
["B6","Faltas Justificadas",null,null,7.4999999999999997E-3,{"$f":"ROUND(E23*SUMIF(PFP!$B$8:$B$19,\"MO1\",PFP!$J$8:$J$19),2)","v":328.58}]
["B7","Dias de chuvas",null,null,2.0299999999999999E-2,{"$f":"ROUND(E24*SUMIF(PFP!$B$8:$B$19,\"MO1\",PFP!$J$8:$J$19),2)","v":889.37}]
["B8","Auxílio Acidente de Trabalho",null,null,1.1000000000000001E-3,{"$f":"ROUND(E25*SUMIF(PFP!$B$8:$B$19,\"MO1\",PFP!$J$8:$J$19),2)","v":48.19}]
["B9","Férias Gozadas",null,null,0.12770000000000001,{"$f":"ROUND(E26*SUMIF(PFP!$B$8:$B$19,\"MO1\",PFP!$J$8:$J$19),2)","v":5594.69}]
["B10","Salário Maternidade",null,null,4.0000000000000002E-4,{"$f":"ROUND(E27*SUMIF(PFP!$B$8:$B$19,\"MO1\",PFP!$J$8:$J$19),2)","v":17.52}]
["C"," ENCARGOS SOCIAIS QUE NÃO RECEBEM INCIDÊNCIA DE \"A\"",null,null,{"$f":"ROUND(SUM(E29:E33),4)","v":8.1900000000000001E-2},{"$f":"ROUND(E28*SUMIF(PFP!$B$8:$B$19,\"MO1\",PFP!$J$8:$J$19),2)","v":3588.13}]
["C1","Aviso Prévio Indenizado",null,null,4.0599999999999997E-2,{"$f":"ROUND(E29*SUMIF(PFP!$B$8:$B$19,\"MO1\",PFP!$J$8:$J$19),2)","v":1778.73}]
["C2","Aviso Prévio Trabalhado",null,null,1E-3,{"$f":"ROUND(E30*SUMIF(PFP!$B$8:$B$19,\"MO1\",PFP!$J$8:$J$19),2)","v":43.81}]
["C3","Férias Indenizadas",null,null,1.6199999999999999E-2,{"$f":"ROUND(E31*SUMIF(PFP!$B$8:$B$19,\"MO1\",PFP!$J$8:$J$19),2)","v":709.74}]
["C4","Depósito Rescisão Sem Justa Causa",null,null,2.07E-2,{"$f":"ROUND(E32*SUMIF(PFP!$B$8:$B$19,\"MO1\",PFP!$J$8:$J$19),2)","v":906.89}]
["C5","Indenização Adicional",null,null,3.3999999999999998E-3,{"$f":"ROUND(E33*SUMIF(PFP!$B$8:$B$19,\"MO1\",PFP!$J$8:$J$19),2)","v":148.96}]
["D"," REINCIDÊNCIAS",null,null,{"$f":"ROUND(SUM(E35:E36),4)","v":0.19059999999999999},{"$f":"ROUND(E34*SUMIF(PFP!$B$8:$B$19,\"MO1\",PFP!$J$8:$J$19),2)","v":8350.41}]
["D1","Reincidência de \"A\" sobre \"B\"",null,null,{"$f":"ROUND(E8*E17,4)","v":0.187},{"$f":"ROUND(E35*SUMIF(PFP!$B$8:$B$19,\"MO1\",PFP!$J$8:$J$19),2)","v":8192.69}]
["D2","Reincidência de \"A\" sobre Aviso Prévio Trabalhado e reincidência do FGTS sobre Aviso Prévio Indenizado",null,null,{"$f":"ROUND((E30*E8)+(E29*E16),4)","v":3.5999999999999999E-3},{"$f":"ROUND(E36*SUMIF(PFP!$B$8:$B$19,\"MO1\",PFP!$J$8:$J$19),2)","v":157.72}]
["K1a","ENCARGOS SOCIAIS",null,null,{"$f":"ROUND(E8+E17+E28+E34,4)","v":1.1486000000000001},{"$f":"ROUND(E37*SUMIF(PFP!$B$8:$B$19,\"MO1\",PFP!$J$8:$J$19),2)","v":50321.51}]
["Ka","TAXA DE RESSARCIMENTO DE DESPESAS E ENCARGOS SOBRE MO1",null,null,{"$f":"ROUND((1+E37+PFP3_FatorKd!E13)*(1+PFP3_FatorKd!E12)*(1+PFP3_FatorKd!E8),4)","v":2.7079}]
["OBSERVAÇÃO: CELETISTAS E EQUIVALENTES"]
["1 - DISCRIMINAR OS ENCARGOS SOCIAIS COM SEUS RESPECTIVOS PERCENTUAS TOTALIZANDO OS MESMOS. "]
["2 - APLICAR O  % TOTAL P/ CALCULAR OS E. SOCIAIS INCIDENTES NA MÃO-DE-OBRA CELETISTAS"]
["Ka - Taxa de Ressarcimento de Despesas e Encargos sobre a Mão de Obra CELETISTA (incide apenas no Insumo Codigo MO1)"]
["Ka = (1 + K1 + K2) x (1 + K3) x (1 + K4)"]

{"sheet":"PFP2.2_FatorKb","index":5,"n_rows":40,"n_cols":6,"rows_kept":40,"cut":false,"hidden":false,"merged":[[7,1,7,3],[16,1,16,3],[17,1,17,3],[8,1,8,3],[9,1,9,3],[10,1,10,3],[14,1,14,3],[15,1,15,3],[11,1,11,3],[0,0,1,4],[2,0,2,5],[3,0,3,5],[4,2,4,4],[5,0,5,1],[5,2,5,4],[6,1,6,3],[12,1,12,3],[13,1,13,3],[39,0,39,5],[36,0,36,5],[37,0,37,5],[38,0,38,5],[31,1,31,3],[32,1,32,3],[33,1,33,3],[34,1,34,3],[18,1,18,3],[30,1,30,3],[19,1,19,3],[20,1,20,3],[21,1,21,3],[27,1,27,3],[28,1,28,3],[29,1,29,3],[22,1,22,3],[23,1,23,3],[24,1,24,3],[25,1,25,3],[26,1,26,3]]}
["DETALHAMENTO DOS ENCARGOS SOCIAIS: Kb",{"$nulls":4},"CODIGO:"]
[{"$nulls":5},"PFP-2.2"]
["NOME DA CONSULTORA:"]
[]
["PROJETO:",null,"CONTRATANTE:",null,null,{"$f":"'PFP2.1_FatorKa'!F5","v":"BASE:"}]
[{"$f":"PFP!A6","v":"Contrato para elaboração de ensaios, laudo técnico de avaliação e projeto estrutural de sistema elevado em concreto armado sobre a margem do rio amazonas na cidade de Santana-AP."},null,"CODEVASF (SEDE)",null,null,{"$f":"'PFP2.1_FatorKa'!F6","v":"SINAPI/AP: 12/22"}]
["Cod","DESCRIÇÃO",null,null,"%","R$"]
["A","ENCARGOS SOCIAIS BÁSICOS",null,null,{"$f":"ROUND(SUM(E9:E16),4)","v":0.2},{"$f":"ROUND(E8*SUMIF(PFP!$B$8:$B$19,\"MO2\",PFP!$J$8:$J$19),2)","v":9043.8700000000008}]
["A1","INSS",null,null,0.2,{"$f":"ROUND(E9*SUMIF(PFP!$B$8:$B$19,\"MO2\",PFP!$J$8:$J$19),2)","v":9043.8700000000008}]
["A2","SESI",null,null,0,{"$f":"ROUND(E10*SUMIF(PFP!$B$8:$B$19,\"MO2\",PFP!$J$8:$J$19),2)","v":0}]
["A3","SENAI",null,null,0,{"$f":"ROUND(E11*SUMIF(PFP!$B$8:$B$19,\"MO2\",PFP!$J$8:$J$19),2)","v":0}]
["A4","INCRA",null,null,0,{"$f":"ROUND(E12*SUMIF(PFP!$B$8:$B$19,\"MO2\",PFP!$J$8:$J$19),2)","v":0}]
["A5","SEBRAE",null,null,0,{"$f":"ROUND(E13*SUMIF(PFP!$B$8:$B$19,\"MO2\",PFP!$J$8:$J$19),2)","v":0}]
["A6","Salário Educação",null,null,0,{"$f":"ROUND(E14*SUMIF(PFP!$B$8:$B$19,\"MO2\",PFP!$J$8:$J$19),2)","v":0}]
["A7","Seguro Contra Acidentes de Trabalho",null,null,0,{"$f":"ROUND(E15*SUMIF(PFP!$B$8:$B$19,\"MO2\",PFP!$J$8:$J$19),2)","v":0}]
["A8","FGTS",null,null,0,{"$f":"ROUND(E16*SUMIF(PFP!$B$8:$B$19,\"MO2\",PFP!$J$8:$J$19),2)","v":0}]
["B"," ENCARGOS SOCIAIS QUE RECEBEM INCIDÊNCIA DE \"A\"",null,null,{"$f":"ROUND(SUM(E18:E24),4)","v":0},{"$f":"ROUND(E17*SUMIF(PFP!$B$8:$B$19,\"MO2\",PFP!$J$8:$J$19),2)","v":0}]
["B3","Auxílio Enfermidade",null,null,0,{"$f":"ROUND(E18*SUMIF(PFP!$B$8:$B$19,\"MO2\",PFP!$J$8:$J$19),2)","v":0}]
["B4","13º Salário",null,null,0,{"$f":"ROUND(E19*SUMIF(PFP!$B$8:$B$19,\"MO2\",PFP!$J$8:$J$19),2)","v":0}]
["B5","Licença Paternidade",null,null,0,{"$f":"ROUND(E20*SUMIF(PFP!$B$8:$B$19,\"MO2\",PFP!$J$8:$J$19),2)","v":0}]
["B6","Faltas Justificadas",null,null,0,{"$f":"ROUND(E21*SUMIF(PFP!$B$8:$B$19,\"MO2\",PFP!$J$8:$J$19),2)","v":0}]
["B8","Auxílio Acidente de Trabalho",null,null,0,{"$f":"ROUND(E22*SUMIF(PFP!$B$8:$B$19,\"MO2\",PFP!$J$8:$J$19),2)","v":0}]
["B9","Férias Gozadas",null,null,0,{"$f":"ROUND(E23*SUMIF(PFP!$B$8:$B$19,\"MO2\",PFP!$J$8:$J$19),2)","v":0}]
["B10","Salário Maternidade",null,null,0,{"$f":"ROUND(E24*SUMIF(PFP!$B$8:$B$19,\"MO2\",PFP!$J$8:$J$19),2)","v":0}]
["C"," ENCARGOS SOCIAIS QUE NÃO RECEBEM INCIDÊNCIA DE \"A\"",null,null,{"$f":"ROUND(SUM(E26:E30),4)","v":0},{"$f":"ROUND(E25*SUMIF(PFP!$B$8:$B$19,\"MO2\",PFP!$J$8:$J$19),2)","v":0}]
["C1","Aviso Prévio Indenizado",null,null,0,{"$f":"ROUND(E26*SUMIF(PFP!$B$8:$B$19,\"MO2\",PFP!$J$8:$J$19),2)","v":0}]
["C2","Aviso Prévio Trabalhado",null,null,0,{"$f":"ROUND(E27*SUMIF(PFP!$B$8:$B$19,\"MO2\",PFP!$J$8:$J$19),2)","v":0}]
["C3","Férias Indenizadas",null,null,0,{"$f":"ROUND(E28*SUMIF(PFP!$B$8:$B$19,\"MO2\",PFP!$J$8:$J$19),2)","v":0}]
["C4","Depósito Rescisão Sem Justa Causa",null,null,0,{"$f":"ROUND(E29*SUMIF(PFP!$B$8:$B$19,\"MO2\",PFP!$J$8:$J$19),2)","v":0}]
["C5","Indenização Adicional",null,null,0,{"$f":"ROUND(E30*SUMIF(PFP!$B$8:$B$19,\"MO2\",PFP!$J$8:$J$19),2)","v":0}]
["D"," REINCIDÊNCIAS",null,null,{"$f":"ROUND(SUM(E32:E33),4)","v":0},{"$f":"ROUND(E31*SUMIF(PFP!$B$8:$B$19,\"MO2\",PFP!$J$8:$J$19),2)","v":0}]
["D1","Reincidência de \"A\" sobre \"B\"",null,null,{"$f":"ROUND(E8*E17,4)","v":0},{"$f":"ROUND(E32*SUMIF(PFP!$B$8:$B$19,\"MO2\",PFP!$J$8:$J$19),2)","v":0}]
["D2","Reincidência de \"A\" sobre Aviso Prévio Trabalhado e reincidência do FGTS sobre Aviso Prévio Indenizado",null,null,{"$f":"ROUND((E27*E8)+(E26*E16),4)","v":0},{"$f":"ROUND(E33*SUMIF(PFP!$B$8:$B$19,\"MO2\",PFP!$J$8:$J$19),2)","v":0}]
["K1b","ENCARGOS SOCIAIS",null,null,{"$f":"ROUND(E8+E17+E25+E31,4)","v":0.2},{"$f":"ROUND(E34*SUMIF(PFP!$B$8:$B$19,\"MO2\",PFP!$J$8:$J$19),2)","v":9043.8700000000008}]
["Kb","TAXA DE RESSARCIMENTO DE DESPESAS E ENCARGOS SOBRE MO2",null,null,{"$f":"ROUND((1+E34+PFP3_FatorKd!E13)*(1+PFP3_FatorKd!E12)*(1+PFP3_FatorKd!E8),4)","v":1.5512999999999999}]
["OBSERVAÇÃO: AUTÔNOMOS E EQUIVALENTES"]
["1 - DISCRIMINAR OS ENCARGOS SOCIAIS COM SEUS RESPECTIVOS PERCENTUAS TOTALIZANDO OS MESMOS. "]
["2 - APLICAR O % TOTAL P/ CALCULAR OS E. SOCIAIS INCIDENTES NA MÃO-DE-OBRA AUTONÔMOS"]
["Kb - Taxa de Ressarcimento de Despesas e Encargos sobre a Mão de Obra AUTONÔMA (incide apenas no Insumo Codigo MO2)"]
["Kb = (1 + K1 + K2) x (1 + K3) x (1 + K4)"]

{"sheet":"PFP2.3_FatorKc","index":6,"n_rows":40,"n_cols":6,"rows_kept":40,"cut":false,"hidden":false,"merged":[[36,0,36,5],[37,0,37,5],[38,0,38,5],[39,0,39,5],[29,1,29,3],[30,1,30,3],[31,1,31,3],[32,1,32,3],[33,1,33,3],[34,1,34,3],[28,1,28,3],[17,1,17,3],[18,1,18,3],[19,1,19,3],[20,1,20,3],[21,1,21,3],[22,1,22,3],[23,1,23,3],[24,1,24,3],[25,1,25,3],[26,1,26,3],[27,1,27,3],[16,1,16,3],[6,1,6,3],[7,1,7,3],[8,1,8,3],[9,1,9,3],[10,1,10,3],[11,1,11,3],[12,1,12,3],[13,1,13,3],[14,1,14,3],[15,1,15,3],[0,0,1,4],[2,0,2,5],[3,0,3,5],[4,2,4,4],[5,0,5,1],[5,2,5,4]]}
["DETALHAMENTO DOS ENCARGOS SOCIAIS: Kc",{"$nulls":4},"CODIGO:"]
[{"$nulls":5},"PFP-2.3"]
["NOME DA CONSULTORA:"]
[]
["PROJETO:",null,"CONTRATANTE:",null,null,{"$f":"'PFP2.2_FatorKb'!F5","v":"BASE:"}]
[{"$f":"PFP!A6","v":"Contrato para elaboração de ensaios, laudo técnico de avaliação e projeto estrutural de sistema elevado em concreto armado sobre a margem do rio amazonas na cidade de Santana-AP."},null,"CODEVASF (SEDE)",null,null,{"$f":"'PFP2.2_FatorKb'!F6","v":"SINAPI/AP: 12/22"}]
["Cod","DESCRIÇÃO",null,null,"%","R$"]
["A","ENCARGOS SOCIAIS BÁSICOS",null,null,{"$f":"SUM(E9:E16)","v":0},{"$f":"ROUND(E8*SUMIF(PFP!$B$8:$B$19,\"MO3\",PFP!$J$8:$J$19),2)","v":0}]
["A1","INSS",null,null,0,{"$f":"ROUND(E9*SUMIF(PFP!$B$8:$B$19,\"MO3\",PFP!$J$8:$J$19),2)","v":0}]
["A2","SESI",null,null,0,{"$f":"ROUND(E10*SUMIF(PFP!$B$8:$B$19,\"MO3\",PFP!$J$8:$J$19),2)","v":0}]
["A3","SENAI",null,null,0,{"$f":"ROUND(E11*SUMIF(PFP!$B$8:$B$19,\"MO3\",PFP!$J$8:$J$19),2)","v":0}]
["A4","INCRA",null,null,0,{"$f":"ROUND(E12*SUMIF(PFP!$B$8:$B$19,\"MO3\",PFP!$J$8:$J$19),2)","v":0}]
["A5","SEBRAE",null,null,0,{"$f":"ROUND(E13*SUMIF(PFP!$B$8:$B$19,\"MO3\",PFP!$J$8:$J$19),2)","v":0}]
["A6","Salário Educação",null,null,0,{"$f":"ROUND(E14*SUMIF(PFP!$B$8:$B$19,\"MO3\",PFP!$J$8:$J$19),2)","v":0}]
["A7","Seguro Contra Acidentes de Trabalho",null,null,0,{"$f":"ROUND(E15*SUMIF(PFP!$B$8:$B$19,\"MO3\",PFP!$J$8:$J$19),2)","v":0}]
["A8","FGTS",null,null,0,{"$f":"ROUND(E16*SUMIF(PFP!$B$8:$B$19,\"MO3\",PFP!$J$8:$J$19),2)","v":0}]
["B"," ENCARGOS SOCIAIS QUE RECEBEM INCIDÊNCIA DE \"A\"",null,null,{"$f":"ROUND(SUM(E18:E24),4)","v":0},{"$f":"ROUND(E17*SUMIF(PFP!$B$8:$B$19,\"MO3\",PFP!$J$8:$J$19),2)","v":0}]
["B3","Auxílio Enfermidade",null,null,0,{"$f":"ROUND(E18*SUMIF(PFP!$B$8:$B$19,\"MO3\",PFP!$J$8:$J$19),2)","v":0}]
["B4","13º Salário",null,null,0,{"$f":"ROUND(E19*SUMIF(PFP!$B$8:$B$19,\"MO3\",PFP!$J$8:$J$19),2)","v":0}]
["B5","Licença Paternidade",null,null,0,{"$f":"ROUND(E20*SUMIF(PFP!$B$8:$B$19,\"MO3\",PFP!$J$8:$J$19),2)","v":0}]
["B6","Faltas Justificadas",null,null,0,{"$f":"ROUND(E21*SUMIF(PFP!$B$8:$B$19,\"MO3\",PFP!$J$8:$J$19),2)","v":0}]
["B8","Auxílio Acidente de Trabalho",null,null,0,{"$f":"ROUND(E22*SUMIF(PFP!$B$8:$B$19,\"MO3\",PFP!$J$8:$J$19),2)","v":0}]
["B9","Férias Gozadas",null,null,0,{"$f":"ROUND(E23*SUMIF(PFP!$B$8:$B$19,\"MO3\",PFP!$J$8:$J$19),2)","v":0}]
["B10","Salário Maternidade",null,null,0,{"$f":"ROUND(E24*SUMIF(PFP!$B$8:$B$19,\"MO3\",PFP!$J$8:$J$19),2)","v":0}]
["C"," ENCARGOS SOCIAIS QUE NÃO RECEBEM INCIDÊNCIA DE \"A\"",null,null,{"$f":"ROUND(SUM(E26:E30),4)","v":0},{"$f":"ROUND(E25*SUMIF(PFP!$B$8:$B$19,\"MO3\",PFP!$J$8:$J$19),2)","v":0}]
["C1","Aviso Prévio Indenizado",null,null,0,{"$f":"ROUND(E26*SUMIF(PFP!$B$8:$B$19,\"MO3\",PFP!$J$8:$J$19),2)","v":0}]
["C2","Aviso Prévio Trabalhado",null,null,0,{"$f":"ROUND(E27*SUMIF(PFP!$B$8:$B$19,\"MO3\",PFP!$J$8:$J$19),2)","v":0}]
["C3","Férias Indenizadas",null,null,0,{"$f":"ROUND(E28*SUMIF(PFP!$B$8:$B$19,\"MO3\",PFP!$J$8:$J$19),2)","v":0}]
["C4","Depósito Rescisão Sem Justa Causa",null,null,0,{"$f":"ROUND(E29*SUMIF(PFP!$B$8:$B$19,\"MO3\",PFP!$J$8:$J$19),2)","v":0}]
["C5","Indenização Adicional",null,null,0,{"$f":"ROUND(E30*SUMIF(PFP!$B$8:$B$19,\"MO3\",PFP!$J$8:$J$19),2)","v":0}]
["D"," REINCIDÊNCIAS",null,null,{"$f":"ROUND(SUM(E32:E33),4)","v":0},{"$f":"ROUND(E31*SUMIF(PFP!$B$8:$B$19,\"MO3\",PFP!$J$8:$J$19),2)","v":0}]
["D1","Reincidência de \"A\" sobre \"B\"",null,null,{"$f":"ROUND(E8*E17,4)","v":0},{"$f":"ROUND(E32*SUMIF(PFP!$B$8:$B$19,\"MO3\",PFP!$J$8:$J$19),2)","v":0}]
["D2","Reincidência de \"A\" sobre Aviso Prévio Trabalhado e reincidência do FGTS sobre Aviso Prévio Indenizado",null,null,{"$f":"ROUND(E8*E27,4)+ROUND(E26*E11,4)","v":0},{"$f":"ROUND(E33*SUMIF(PFP!$B$8:$B$19,\"MO3\",PFP!$J$8:$J$19),2)","v":0}]
["K1c","ENCARGOS SOCIAIS",null,null,{"$f":"ROUND(E8+E17+E25+E31,4)","v":0},{"$f":"ROUND(E34*SUMIF(PFP!$B$8:$B$19,\"MO3\",PFP!$J$8:$J$19),2)","v":0}]
["Kc","TAXA DE RESSARCIMENTO DE DESPESAS E ENCARGOS SOBRE MO3",null,null,{"$f":"ROUND((1+E34+PFP3_FatorKd!E13)*(1+PFP3_FatorKd!E12)*(1+PFP3_FatorKd!E8),4)","v":1.3075000000000001}]
["OBSERVAÇÃO: SOCIETÁRIOS E EQUIVALENTES"]
["1 - DISCRIMINAR OS ENCARGOS SOCIAIS COM SEUS RESPECTIVOS PERCENTUAS TOTALIZANDO OS MESMOS. "]
["2 - APLICAR O % TOTAL P/ CALCULAR OS E. SOCIAIS INCIDENTES NA MÃO-DE-OBRA DE SOCIETÁRIOS"]
["Kc - Taxa de Ressarcimento de Despesas e Encargos sobre a Mão de Obra SOCIETÁRIA (incide apenas no Insumo Codigo MO3)"]
["Kc = (1 + K1 + K2) x (1 + K3) x (1 + K4)"]

{"sheet":"PFP3_FatorKd","index":7,"n_rows":35,"n_cols":6,"rows_kept":35,"cut":false,"hidden":false,"merged":[[33,0,33,5],[34,0,34,5],[16,1,16,3],[13,1,13,3],[14,1,14,3],[15,1,15,3],[21,0,21,5],[26,0,26,5],[27,0,27,5],[22,0,22,5],[23,0,23,5],[24,0,24,5],[28,0,28,5],[29,0,29,5],[30,0,30,5],[31,0,31,5],[7,1,7,2],[25,0,25,5],[6,1,6,2],[0,0,1,4],[2,0,2,5],[5,0,5,1],[5,2,5,4],[4,2,4,4],[3,0,3,5],[32,0,32,5],[12,1,12,3],[11,1,11,3],[8,1,8,2],[9,1,9,2],[10,1,10,2]]}
["DESPESAS FISCAIS E CUSTOS DIVERSOS: Kc",{"$nulls":4},"CODIGO:"]
[{"$nulls":5},"PFP-3"]
["NOME DA CONSULTORA:"]
[]
["PROJETO:",null,"CONTRATANTE:",null,null,{"$f":"'PFP2.3_FatorKc'!F5","v":"BASE:"}]
[{"$f":"PFP!A6","v":"Contrato para elaboração de ensaios, laudo técnico de avaliação e projeto estrutural de sistema elevado em concreto armado sobre a margem do rio amazonas na cidade de Santana-AP."},null,"CODEVASF (SEDE)",null,null,{"$f":"'PFP2.3_FatorKc'!F6","v":"SINAPI/AP: 12/22"}]
["Cod","DESCRIÇÃO1",null,"% preço2","% custo4","R$"]
["K4","TRIBUTOS",null,{"$f":"ROUND(D9+D10+D11,4)","v":0.104},{"$f":"ROUND(E9+E10+E11,4)","v":0.11609999999999999},{"$f":"E8*SUM(SUMIF(PFP!$B$8:$B$19,\"MO1\",PFP!$J$8:$J$19)*(1+'PFP2.1_FatorKa'!$E$37)+SUMIF(PFP!$B$8:$B$19,\"MO2\",PFP!$J$8:$J$19)*(1+'PFP2.2_FatorKb'!$E$34)+SUMIF(PFP!$B$8:$B$19,\"<>MO*\",PFP!$J$8:$J$19)+$F$13+$F$12)","v":21608.607416197225}]
["K4.1","ISS",null,0.03,{"$f":"ROUND((1/(1-$D$8))*D9,4)","v":3.3500000000000002E-2},{"$f":"E9*SUM(SUMIF(PFP!$B$8:$B$19,\"MO1\",PFP!$J$8:$J$19)*(1+'PFP2.1_FatorKa'!$E$37)+SUMIF(PFP!$B$8:$B$19,\"MO2\",PFP!$J$8:$J$19)*(1+'PFP2.2_FatorKb'!$E$34)+SUMIF(PFP!$B$8:$B$19,\"<>MO*\",PFP!$J$8:$J$19)+$F$13+$F$12)","v":6235.041760918235}]
["K4.2","PIS3 - aliquota efetiva aplicavel percentual-desconto",null,{"$f":"ROUND(1.65%*0.8,4)","v":1.32E-2},{"$f":"ROUND((1/(1-$D$8))*D10,4)","v":1.47E-2},{"$f":"E10*SUM(SUMIF(PFP!$B$8:$B$19,\"MO1\",PFP!$J$8:$J$19)*(1+'PFP2.1_FatorKa'!$E$37)+SUMIF(PFP!$B$8:$B$19,\"MO2\",PFP!$J$8:$J$19)*(1+'PFP2.2_FatorKb'!$E$34)+SUMIF(PFP!$B$8:$B$19,\"<>MO*\",PFP!$J$8:$J$19)+$F$13+$F$12)","v":2735.9735488208371}]
["K4.3","COFINS3 - aliquota efetiva aplicavel percentual-desconto",null,{"$f":"ROUND(7.6%*0.8,4)","v":6.08E-2},{"$f":"ROUND((1/(1-$D$8))*D11,4)","v":6.7900000000000002E-2},{"$f":"E11*SUM(SUMIF(PFP!$B$8:$B$19,\"MO1\",PFP!$J$8:$J$19)*(1+'PFP2.1_FatorKa'!$E$37)+SUMIF(PFP!$B$8:$B$19,\"MO2\",PFP!$J$8:$J$19)*(1+'PFP2.2_FatorKb'!$E$34)+SUMIF(PFP!$B$8:$B$19,\"<>MO*\",PFP!$J$8:$J$19)+$F$13+$F$12)","v":12637.592106458154}]
["K3","REMUNERAÇÃO DA EMPRESA (LUCRO)",null,null,9.2399999999999996E-2,{"$f":"E12*SUM(SUMIF(PFP!$B$8:$B$19,\"MO1\",PFP!$J$8:$J$19)*(1+'PFP2.1_FatorKa'!$E$37)+SUMIF(PFP!$B$8:$B$19,\"MO2\",PFP!$J$8:$J$19)*(1+'PFP2.2_FatorKb'!$E$34)+SUMIF(PFP!$B$8:$B$19,\"<>MO*\",PFP!$J$8:$J$19)+$F$13)","v":15742.9037176488}]
["K2","CUSTOS DA ADMINISTRAÇÃO CENTRAL",null,null,{"$f":"ROUND(SUM(E14:E16),4)","v":7.2400000000000006E-2},{"$f":"ROUND(E13*SUMIF(PFP!$B$8:$B$19,\"MO*\",PFP!$J$8:$J$19),2)","v":7616.31}]
["K2.1","Custos da administração central da empresa (diretoria, pessoal técnico de apoio e pessoal administrativo não diretamente vinculado à prestação dos serviços)",null,null,0.04,{"$f":"ROUND(E14*SUMIF(PFP!$B$8:$B$19,\"MO*\",PFP!$J$8:$J$19),2)","v":4207.91}]
["K2.2","Outras despesas que afetam o custo de produção como treinamento, biblioteca, programa de qualidade, programa de benefícios, auditoria interna e externa",null,null,0.02,{"$f":"ROUND(E15*SUMIF(PFP!$B$8:$B$19,\"MO*\",PFP!$J$8:$J$19),2)","v":2103.9499999999998}]
["K2.3","Despesas fixas e variaveis com patrimônio, aluguéis, comunicação, manutenção e transporte não diretamente relacionados com o custo direto dos serviços",null,null,1.24E-2,{"$f":"ROUND(E16*SUMIF(PFP!$B$8:$B$19,\"MO*\",PFP!$J$8:$J$19),2)","v":1304.45}]
["Kd","TAXA RESSARCIMENTO DE DESPESAS SOBRE CUSTOS DIVERSOS",null,null,{"$f":"ROUND((1+E12)*(1+E8),4)","v":1.2192000000000001}]
["NOME DO INFORMANTE:",null,null,null,"QUALIFICAÇÃO:"]
[]
["ASSINATURA:",null,null,null,"DATA:"]
[]
["Observação:"]
["1 - RELACIONAR OS CUSTOS DE ADMINISTRAÇÃO COM RESPECTIVOS PERCENTUAIS INCIDENTES NA MÃO -DE-OBRA"]
["1 - DISCRIMINAR OS TRIBUTOS QUE INCIDEM SOBRE OS CUSTOS DA PRESTAÇÃO DOS SERVIÇOS"]
["2 - K4 = INDICAR % DE CADA TRIBUTO E A SOMA DOS MESMOS (ex: ISS 5% + PIS 1,65% + COFINS 7,60% = 14,25%)"]
["3 - PIS e COFINS, Regime de Incidencia Acumulativa (0,65% e 3,00% - sem percentual de desconto) ou em Regime de Incidencia Não Acumulativa (1,65% e 7,60% - aplicável percentual de desconto) de acordo com a forma de apuração do lucro no IRPJ. APRESENTAR COMPROVANTES de aproveitamento de créditos tributários dos últimos 12 meses em caso de aplicação de \"percentual de desconto\"."]
["4 - AS DESPESAS FISCAIS (K4) INCIDEM SOBRE O TOTAL DA FATURA E NÃO SOBRE OS CUSTOS INCORRIDOS, "]
["     DEVENDO SER CALCULADO O K4' APLICANDO-SE A SEGUINTE FÓRMULA:"]
["     K4' = { [ 1 / ( 1 - K4) ] - 1 } x 100"]
[{"$f":"CONCATENATE(\"     K4' = { [ 1 / ( 1 - \",D8,\" ) ] - 1 } x 100\")","v":"     K4' = { [ 1 / ( 1 - 0,104 ) ] - 1 } x 100"}]
["Kc - Taxa de Ressarcimento de Despesas sobre Custos Diversos (incide sobre os Insumos Codigo DP e EM)"]
["Kc = (1 + K3) x (1 + K4)"]
["K2 - Incide sobre o Custo Total (CT) da Mão de Obra (MO* = MO1 + MO2)"]
["K3 - Incide sobre o Custo Total (CT) Mão de Obra com encargos (MO1 x Ka ou MO2 x Kb), demais Custos (DP e EM), e Custos da Administração Central (K2)"]
["K4 -  Incide sobre o Custo Total (CT) Mão de Obra com encargos (MO1 x Ka ou MO2 x Kb), demais Custos (DP e EM), e Custos da Administração Central (K2) e Lucro (K3)"]

{"sheet":"CRO1_Ins-Pro","index":8,"n_rows":84,"n_cols":10,"rows_kept":84,"cut":false,"hidden":false,"merged":[[82,0,82,8],[81,0,81,9],[0,0,1,8],[33,7,33,9],[16,0,17,0],[16,1,17,1],[2,0,3,0],[2,1,3,1],[2,2,3,2],[2,3,3,3],[2,4,3,4],[2,5,3,5]]}
["INSUMOS POR ETAPA/PRODUTO",{"$nulls":8},"CÓDIGO:"]
[{"$nulls":9},"CRO-1"]
["Cod.","Categoria / Insumo","Uni","Qde","CUD","PU","FatorK","E1. RE","E2. LT","E3. PE "]
[{"$nulls":6},"Meses",{"$f":"'CRO2_Ins-Mes'!E4","v":1},{"$f":"'CRO2_Ins-Mes'!E5","v":1},{"$f":"'CRO2_Ins-Mes'!E6","v":2}]
[{"$f":"PFP!C8","v":"P0"},{"$f":"PFP!D8","v":"Engenheiro coordenador (P8061)"},"mês",{"$f":"SUM(H5:J5)","v":0.95},{"$f":"PFP!G8","v":17018.13},{"$f":"PFP!H8","v":22251.200000000001},{"$f":"PFP!I8","v":1.3075000000000001},{"$f":"'CRO2_Ins-Mes'!E9","v":0.2},{"$f":"'CRO2_Ins-Mes'!E20","v":0.25},{"$f":"'CRO2_Ins-Mes'!E26","v":0.5}]
[{"$f":"PFP!C9","v":"P1"},{"$f":"PFP!D9","v":"Engenheiro sênior (P8067)"},"mês",{"$f":"SUM(H6:J6)","v":3},{"$f":"PFP!G9","v":14672.91},{"$f":"PFP!H9","v":22762.09},{"$f":"PFP!I9","v":1.5512999999999999},{"$f":"'CRO2_Ins-Mes'!E10","v":0.5},{"$f":"'CRO2_Ins-Mes'!E21","v":0.5},{"$f":"'CRO2_Ins-Mes'!E27","v":2}]
[{"$f":"PFP!C10","v":"P2"},{"$f":"PFP!D10","v":"Engenheiro pleno (P8066)"},"mês",{"$f":"SUM(H7:J7)","v":3.25},{"$f":"PFP!G10","v":11469.24},{"$f":"PFP!H10","v":31057.55},{"$f":"PFP!I10","v":2.7079},{"$f":"'CRO2_Ins-Mes'!E11","v":0.5},{"$f":"'CRO2_Ins-Mes'!E22","v":0.75},{"$f":"'CRO2_Ins-Mes'!E28","v":2}]
[{"$f":"PFP!C11","v":"T1"},{"$f":"PFP!D11","v":"Técnico de projetos/obra (P8147)"},"mês",{"$f":"SUM(H8:J8)","v":0.25},{"$f":"PFP!G11","v":3091.07},{"$f":"PFP!H11","v":8370.31},{"$f":"PFP!I11","v":2.7079},{"$f":"'CRO2_Ins-Mes'!E12","v":0.25},0,0]
[{"$f":"PFP!C12","v":"D"},{"$f":"PFP!D12","v":"Desenhista (40807)"},"mês",{"$f":"SUM(H9:J9)","v":2.1},{"$f":"PFP!G12","v":2744.46},{"$f":"PFP!H12","v":7431.72},{"$f":"PFP!I12","v":2.7079},{"$f":"'CRO2_Ins-Mes'!E13","v":0.1},{"$f":"'CRO2_Ins-Mes'!E23","v":0.5},{"$f":"'CRO2_Ins-Mes'!E29","v":1.5}]
[{"$f":"PFP!C13","v":"T1"},{"$f":"PFP!D13","v":"Topógrafo (7592)"},"h",{"$f":"SUM(H10:J10)","v":30},{"$f":"PFP!G13","v":21.06},{"$f":"PFP!H13","v":32.67},{"$f":"PFP!I13","v":1.5512999999999999},{"$f":"'CRO2_Ins-Mes'!E14","v":30},0,0]
[{"$f":"PFP!C14","v":"T2"},{"$f":"PFP!D14","v":"Auxiliar de Topógrafo (0244)"},"h",60,{"$f":"PFP!G14","v":9.48},{"$f":"PFP!H14","v":14.71},{"$f":"PFP!I14","v":1.5512999999999999},{"$f":"'CRO2_Ins-Mes'!E15","v":60},0,0]
[{"$f":"PFP!C15","v":"ECA"},{"$f":"PFP!D15","v":"Encargos Comp. e Adicionais"},"mês",{"$f":"SUM(H12:J12)","v":9.5500000000000007},{"$f":"PFP!G15","v":1039.7021989528794},{"$f":"PFP!H15","v":1267.5999999999999},{"$f":"PFP!I15","v":1.2192000000000001},{"$f":"SUM(H5:H9)","v":1.55},{"$f":"SUM(I5:I9)","v":2},{"$f":"SUM(J5:J9)","v":6}]
[{"$f":"PFP!C16","v":"M2"},{"$f":"PFP!D16","v":"Relatório Final"},"un",{"$f":"SUM(H13:J13)","v":3},{"$f":"PFP!G16","v":1478.8},{"$f":"PFP!H16","v":1802.95},{"$f":"PFP!I16","v":1.2192000000000001},{"$f":"'CRO2_Ins-Mes'!E16","v":1},{"$f":"'CRO2_Ins-Mes'!E24","v":1},{"$f":"'CRO2_Ins-Mes'!E30","v":1}]
[{"$f":"PFP!C17","v":"GEO"},{"$f":"PFP!D17","v":"Total Serviços Geotécnicos"},"un",{"$f":"SUM(H14:J14)","v":1},{"$f":"PFP!G17","v":"-"},{"$f":"PFP!H17","v":18220.3},{"$f":"PFP!I17","v":"-"},1,0,0]
[null,{"$f":"PFP!D18","v":"Total Ensaios no Concreto Armado"},"mês",{"$f":"SUM(H15:J15)","v":1},{"$f":"PFP!G18","v":"-"},{"$f":"PFP!H18","v":23078.22},{"$f":"PFP!I18","v":"-"},1,0,0]
[{"$f":"PFP!C19","v":"GEO"},{"$f":"PFP!D19","v":"Total Recursos Gerais"},"un",1,{"$f":"PFP!G19","v":"-"},{"$f":"PFP!H19","v":45266.402433283314},{"$f":"PFP!I19","v":"-"},0.33333333333333331,0.33333333333333331,0.33333333333333331]
["TOTAL","VALOR TOTAL POR PRODUTO","R$",{"$f":"SUM(H17:J17)","v":314003.18943328329},null,null,null,{"$f":"(H5*$F$5+H6*$F$6+H7*$F$7+H8*$F$8+H9*$F$9+H10*$F$10+H11*$F$11+H12*$F$12+H13*$F$13+H14*$F$14+H15*$F$15+H16*$F$16)","v":96213.560311094421},{"$f":"(I5*$F$5+I6*$F$6+I7*$F$7+I8*$F$8+I9*$F$9+I10*$F$10+I11*$F$11+I12*$F$12+I13*$F$13+I14*$F$14+I15*$F$15+I16*$F$16)","v":63379.81831109443},{"$f":"(J5*$F$5+J6*$F$6+J7*$F$7+J8*$F$8+J9*$F$9+J10*$F$10+J11*$F$11+J12*$F$12+J13*$F$13+J14*$F$14+J15*$F$15+J16*$F$16)","v":154409.81081109444}]
[null,null,"%",{"$f":"SUM(H18:J18)","v":1},null,null,null,{"$f":"ROUND(H17/$D$17,5)","v":0.30641000000000002},{"$f":"ROUND(I17/$D$17,5)","v":0.20183999999999999},{"$f":"ROUND(J17/$D$17,5)","v":0.49175000000000002}]
{"$rows_empty":62}
["OBSERVAÇÃO:"]
["P - Profissionais nível superior nas áreas de Engenharia, Química, Arquitetura, Agronomia e Veterinária, conforme disposições da Lei 4.950-A/66"]
["T - Profissionais de nível médio técnico nas diversas áreas de atuação"]
["A - Profissionais de nível médio de apoio técnico-administrativo"]

{"sheet":"CRO2_Ins-Mes","index":9,"n_rows":32,"n_cols":9,"rows_kept":32,"cut":false,"hidden":false,"merged":[[55,5,55,8],[0,0,1,8],[18,3,18,8],[24,3,24,8],[30,3,30,8]]}
["CRONOGRAMA SIMPLIFICADO"]
[]
["Cod1","Cod2","Produtos","Uni","Qde",1,2,3,4]
[1,"1","Relatório de Apresentação dos Resultados dos Ensaios (RE)","mês",{"$f":"SUM(F4:I4)","v":1},1]
[2,2,"Laudo Técnico de Avaliação Estrutural (LT)","mês",{"$f":"SUM(F5:I5)","v":1},null,1]
[3,3,"Projeto Estrutural da Solução Escolhida (PE)","mês",{"$f":"SUM(F6:I6)","v":2},null,null,1,1]
["Total","Total","Balanço Temporal","mês",{"$f":"SUM(F7:I7)","v":4},{"$f":"SUBTOTAL(4,F4:F6)","v":1},{"$f":"SUBTOTAL(4,G4:G6)","v":1},{"$f":"SUBTOTAL(4,H4:H6)","v":1},{"$f":"SUBTOTAL(4,I4:I6)","v":1}]
["Cod1","Cod2","Insumos","Uni","Qde",1,2,3,4]
[1,{"$f":"PFP!C8","v":"P0"},{"$f":"PFP!D8","v":"Engenheiro coordenador (P8061)"},{"$f":"PFP!E8","v":"mês"},{"$f":"SUM(F9:I9)","v":0.2},0.2]
[1,{"$f":"PFP!C9","v":"P1"},{"$f":"PFP!D9","v":"Engenheiro sênior (P8067)"},{"$f":"PFP!E9","v":"mês"},{"$f":"SUM(F10:I10)","v":0.5},0.5]
[1,{"$f":"PFP!C10","v":"P2"},{"$f":"PFP!D10","v":"Engenheiro pleno (P8066)"},{"$f":"PFP!E10","v":"mês"},{"$f":"SUM(F11:I11)","v":0.5},0.5]
[1,"T1","Técnico de projetos/obra (P8147)",{"$f":"PFP!E11","v":"mês"},{"$f":"SUM(F12:I12)","v":0.25},0.25]
[1,{"$f":"PFP!C12","v":"D"},{"$f":"PFP!D12","v":"Desenhista (40807)"},{"$f":"PFP!E12","v":"mês"},{"$f":"SUM(F13:I13)","v":0.1},0.1]
[null,null,"Topógrafo","h",{"$f":"SUM(F14:I14)","v":30},30]
[null,null,"Auxiliar de topógrafo",{"$f":"PFP!E13","v":"h"},60,60]
[1,{"$f":"PFP!C16","v":"M2"},{"$f":"PFP!D16","v":"Relatório Final"},{"$f":"PFP!E16","v":"un"},{"$f":"SUM(F16:I16)","v":1},1]
[null,null,{"$f":"PFP!D18","v":"Total Ensaios no Concreto Armado"},{"$f":"PFP!E17","v":"un"},{"$f":"SUM(F17:I17)","v":23078.22},{"$f":"PFP!H18","v":23078.22}]
[null,null,{"$f":"PFP!D17","v":"Total Serviços Geotécnicos"},{"$f":"PFP!E18","v":"un"},{"$f":"SUM(F18:I18)","v":18220.3},{"$f":"PFP!H17","v":18220.3}]
[1,null,"Relatório de Apresentação dos Resultados dos Ensaios (RE)"]
[2,{"$f":"PFP!C8","v":"P0"},{"$f":"PFP!D8","v":"Engenheiro coordenador (P8061)"},{"$f":"PFP!E8","v":"mês"},{"$f":"SUM(F20:I20)","v":0.25},null,0.25]
[2,{"$f":"PFP!C9","v":"P1"},{"$f":"PFP!D9","v":"Engenheiro sênior (P8067)"},{"$f":"PFP!E9","v":"mês"},{"$f":"SUM(F21:I21)","v":0.5},null,0.5]
[2,{"$f":"PFP!C10","v":"P2"},{"$f":"PFP!D10","v":"Engenheiro pleno (P8066)"},{"$f":"PFP!E10","v":"mês"},{"$f":"SUM(F22:I22)","v":0.75},null,0.75]
[2,{"$f":"PFP!C12","v":"D"},{"$f":"PFP!D12","v":"Desenhista (40807)"},{"$f":"PFP!E12","v":"mês"},{"$f":"SUM(F23:I23)","v":0.5},null,0.5]
[2,{"$f":"PFP!C16","v":"M2"},{"$f":"PFP!D16","v":"Relatório Final"},{"$f":"PFP!E16","v":"un"},{"$f":"SUM(F24:I24)","v":1},null,1]
[2,null,"Laudo Técnico de Avaliação Estrutural (LT)"]
[3,{"$f":"PFP!C8","v":"P0"},{"$f":"PFP!D8","v":"Engenheiro coordenador (P8061)"},{"$f":"PFP!E8","v":"mês"},{"$f":"SUM(F26:I26)","v":0.5},null,null,0.25,0.25]
[3,{"$f":"PFP!C9","v":"P1"},{"$f":"PFP!D9","v":"Engenheiro sênior (P8067)"},{"$f":"PFP!E9","v":"mês"},{"$f":"SUM(F27:I27)","v":2},null,null,1,1]
[3,{"$f":"PFP!C10","v":"P2"},{"$f":"PFP!D10","v":"Engenheiro pleno (P8066)"},{"$f":"PFP!E10","v":"mês"},{"$f":"SUM(F28:I28)","v":2},null,null,1,1]
[3,{"$f":"PFP!C12","v":"D"},{"$f":"PFP!D12","v":"Desenhista (40807)"},{"$f":"PFP!E12","v":"mês"},{"$f":"SUM(F29:I29)","v":1.5},null,null,1,0.5]
[3,{"$f":"PFP!#REF!","v":{"$error":"#REF!"}},{"$f":"PFP!D16","v":"Relatório Final"},"un",{"$f":"SUM(F30:I30)","v":1},null,null,null,1]
[3,null,"Projeto Estrutural da Solução Escolhida (PE)"]
["Total",null,"Balanço de Insumos",null,null,{"$f":"SUBTOTAL(2,F9:F31)","v":10},{"$f":"SUBTOTAL(2,G9:G31)","v":5},{"$f":"SUBTOTAL(2,H9:H31)","v":4},{"$f":"SUBTOTAL(2,I9:I31)","v":5}]

{"sheet":"CPU VEICULO_PickUp","index":10,"n_rows":85,"n_cols":31,"rows_kept":85,"cut":false,"hidden":false,"merged":[[50,9,50,19],[50,20,50,27],[1,0,1,3],[3,0,3,3],[4,0,4,2],[4,5,4,8],[5,0,5,3]]}
[]
["Composição de Preços de Locação de Veículos"]
[null,null,"Data de atualização:",{"$f":"[41]RESUMO!G4","v":"2023-10-01"},null,"CV","Média","Mediana",null,null,null,"CV","Média","Mediana",{"$nulls":8},"CV","Média","Mediana"]
["CODEVASF ",{"$nulls":4},{"$f":"_xlfn.STDEV.S(F7:I7)/AVERAGE(F7:I7)","v":9.6928534289222712E-2},{"$f":"AVERAGE(F7:I7)","v":103847.75},{"$f":"MEDIAN(F7:I7)","v":104391},null,null,null,{"$f":"_xlfn.STDEV.S(M6:T6)/AVERAGE(M6:T6)","v":0.14874985251639683},{"$f":"AVERAGE(M6:T6)","v":35.172499999999999},{"$f":"MEDIAN(M6:T6)","v":35.69},{"$nulls":8},{"$f":"_xlfn.STDEV.S(X6:AD6)/AVERAGE(X6:AD6)","v":0.11526867919754588},{"$f":"AVERAGE(X6:AE6)","v":327.81375000000003},{"$f":"MEDIAN(X6:AE6)","v":316.95}]
["OBS:               Preço sem BDI e sem motorista                                                                   BDI=",{"$nulls":4},"Preço FIPE - maio/2023",{"$nulls":4},"PRODUTO ","MENOR","COT. 1","COT. 2","COT. 3","COT. 4","COT. 5","COT. 6","COT. 7","COT. 8",null,"PRODUTO","MENOR","COT. 1","COT. 2","COT. 3","COT. 4","COT. 5","COT. 6","COT. 7","COT. 8"]
["Veículo tipo pick-up, 1.6 T.Flex 16V CD",{"$nulls":4},"Saveiro Cross 1.6 T.Flex 16V CD.","Saveiro Robust 1.6 Total Flex 16V.","Saveiro trendline 1.6 Total Flex 16 V.","Saveiro Robust T. Flex 16V CD.\n",null,"LUBRIFICANTE 5W30",{"$f":"SMALL(M4:N4,1)","v":35.172499999999999},29.64,27.9,38,39.979999999999997,39.85,33.380000000000003,31.35,41.28,null,"Pneu 175/70 R14",{"$f":"SMALL(X4:Y4,1)","v":316.95},314.89999999999998,279.89999999999998,394.32,329.9,369.69,314.89999999999998,319,299.89999999999998]
[null,null,"Custo Mensal (R$):",{"$f":"D49","v":4852.462389317192},null,114656,109138,91953,99644]
[null,null,"Custo Diária (R$):",{"$f":"D7/22","v":220.56647224169055}]
[null,null,"Custo Horário (R$):",{"$f":"D7/176","v":27.570809030211318}]
[null,null,"Custo por Km (R$):",{"$f":"D7/D23","v":1.6966651710899272}]
["A",null,"Depreciação mensal do equipamento"]
["A1",null,"Preço de Aquisição ",{"$f":"SMALL(G4:H4,1)","v":103847.75}]
["A2",null,"Tempo previsto de vida útil (meses)",36]
["A3",null,"Previsão de recup. Na venda do bem usado",0.4]
["A4",null,"Custo mensal [A1-(A3xA1)]/A2",{"$f":"(D12-(D14*D12))/D13","v":1730.7958333333331}]
["B",null,"Juros pelo Capital empregado"]
["B1",null,"Taxa mensal de Juros *",{"$f":"POWER(1+D55,1/12)-1","v":1.0793911082132235E-2}]
["B2",null,"Juros s/depreciação/aluguel (B1xA4)",{"$f":"D17*D15","v":18.682056326324961}]
["C",null,"Conservação e manutenção **",0.75]
["C1",null,"Taxa de gastos s/a deprec. Inc. seguros (%)",{"$f":"D19","v":0.75}]
["C2",null,"Incidência mensal (C1xA4)",{"$f":"D20*D15","v":1298.0968749999997}]
["D",null,"Combustível"]
["D1",null,"Média mensal de quilômetro por veículo",{"$f":"130*22","v":2860}]
["D2",null,"Preço do litro de combustível",{"$f":"G61","v":5.79}]
["D3",null,"Quilômetros rodados com um litro combustivel",10]
["D4",null,"Combustivel    (D1/D3)*D2",{"$f":"(D23/D25)*D24","v":1655.94}]
["E",null,"Lubrificantes"]
["E1",null,"Quilometragem do Contrato (D1*12)",{"$f":"D23*12","v":34320}]
["E2",null,"Franquia por troca de óleo (km)",10000]
["E3",null,"Preço do litro de óleo",{"$f":"L6","v":35.172499999999999}]
["E4",null,"Quantidade de litros de óleo por troca",5]
["E5",null,"Quantidade de dias do Contrato",{"$f":"365*1","v":365}]
["E6",null,"Lubrificantes  E = (E1*E3*E4*30)/E2*E5",{"$f":"(D28*D30*D31*30)/(D29*D32)","v":49.607679452054796}]
["F",null,"Pneus"]
["F1",null,"Quilometragem do Contrato ",{"$f":"D28","v":34320}]
["F2",null,"Vida do Pneu em quilômetros",45000]
["F3",null,"Quantidade de pneus",5]
["F4",null,"Preço do Pneu",{"$f":"W6","v":316.95}]
["F5",null,"Quantidade de dias do contrato ",{"$f":"D32","v":365}]
["F6",null,"Pneus = (F1*F3*F4*30)/(F2*F5)",{"$f":"(D35*D37*D38*30)/(D36*D39)","v":99.339945205479452}]
["G",null,"Motorista"]
["G1",null,"Salário com encargos sociais",4185.1099999999997]
["H",null,"Custo Mensal"," "]
[null,null,"Sem Motorista (A4+B2+C2+D4+E6+F6)",{"$f":"D15+D18+D21+D26+D33+D40","v":4852.462389317192}]
[null,null,"Com Motorista (A4+B2+C2+D4+E6+F6+G1)",{"$f":"D15+D18+D21+D26+D33+D40+D42","v":9037.5723893171926}]
["I",null,"Custo Direto p/ km Rodado"]
[null,null,"Sem Motorista",{"$f":"D44/D23","v":1.6966651710899272}]
[null,null,"Com Motorista",{"$f":"D45/D23","v":3.1599903459151024}]
["J",null,"Preço cobrado sem BDI",{"$f":"D44*(1+D5)","v":4852.462389317192}]
["J1",null,"Sem Motorista",{"$f":"D49","v":4852.462389317192}]
["J2",null,"Com Motorista",{"$f":"D45","v":9037.5723893171926},{"$nulls":5},"https://www.google.com/search?q=lubrificante+5w30&sxsrf=AJOqlzUM514L6uswJHb1jIGpGgXchTtV5A:1677092590843&source=lnms&tbm=shop&sa=X&sqi=2&ved=2ahUKEwj_vYfh6Kn9AhVMBrkGHRT6Bv4Q_AUoAXoECAEQAw&biw=1600&bih=757&dpr=1",{"$nulls":10},"https://www.google.com/search?q=pneu+225%2F65+R17&sa=X&biw=1600&bih=757&tbm=shop&sxsrf=AJOqlzWsb-d4PS1_OUOEhKmRc2RbtSg3RQ%3A1677092596279&ei=9Gb2Y9K5ENTa5OUPvLykGA&ved=0ahUKEwjSg9Pj6Kn9AhVULbkGHTweCQMQ4dUDCAg&uact=5&oq=pneu+225%2F65+R17&gs_lcp=Cgtwcm9kdWN0cy1jYxADMgsIABCABBCxAxCDATIFCAAQgAQyBwgAEIAEEAoyBwgAEIAEEAoyBwgAEIAEEAoyBwgAEIAEEAoyBwgAEIAEEAoyBQgAEIAEMgcIABCABBAKMgcIABCABBAKOgQIIxAnOgQIABBDSgQIQRgAUABYoTJgqUBoAHAAeACAAdIFiAGUKZIBDTAuMi42LjIuMi4yLjGYAQCgAQHAAQE&sclient=products-cc"]
[]
[null,null,"OBSERVAÇÕES:"]
["*",null,"Calculado com base na taxa SELIC ABRIL/2023 - 13,75 % a.a"]
[null,null," Taxa de Juros Selic — Português (Brasil) (www.gov.br) ",0.13750000000000001]
["**",null,"Conservação e manutenção - é calculado com o uso de um coeficiente multiplicador \"k\", conforme tabela abaixo, sobre a "]
[null,null,"depreciação mensal do equipamento (Item A da planilha de composição de preços). Os valores de K são fornecidos por"]
[null,null," fabricantes. "]
[null,null,"Metodologia conforme a bibliografia \"Como Preparar Orçamentos de Obras\", 3 edição, Aldo Dórea Mattos, 2019."]
[null,null,"Preço calculado sem BDI"]
[{"$nulls":5},"PREÇO DO DIESEL",5.79]
{"$rows_empty":23}
[{"$nulls":5},"https://precos.petrobras.com.br/sele%C3%A7%C3%A3o-de-estados-diesel "]

{"sheet":"CPU VEICULO_Leve","index":11,"n_rows":87,"n_cols":33,"rows_kept":87,"cut":false,"hidden":false,"merged":[[50,9,50,20],[50,21,50,28],[1,0,1,3],[3,0,3,3],[4,0,4,2],[4,5,4,8],[5,0,5,3]]}
[]
["Composição de Preços de Locação de Veículos"]
[null,"2023-08-23","Data de atualização:","2023-08-28",null,"CV","Média","Mediana",null,null,null,"CV","Média","Mediana",{"$nulls":9},"CV","Média","Mediana"]
["CODEVASF ",{"$nulls":4},{"$f":"_xlfn.STDEV.S(F7:I7)/AVERAGE(F7:I7)","v":0.21445381001834904},{"$f":"AVERAGE(F7:I7)","v":78326.25},{"$f":"MEDIAN(F7:I7)","v":75309.5},null,null,null,{"$f":"_xlfn.STDEV.S(M6:U6)/AVERAGE(M6:U6)","v":0.1845149549001121},{"$f":"AVERAGE(M6:U6)","v":26.498888888888889},{"$f":"MEDIAN(M6:U6)","v":24.21},{"$nulls":9},{"$f":"_xlfn.STDEV.S(Y6:AG6)/AVERAGE(Y6:AG6)","v":0.18163074725035028},{"$f":"AVERAGE(Y6:AG6)","v":303.43166666666667},{"$f":"MEDIAN(Y6:AG6)","v":289.75}]
["OBS:               Preço sem BDI e sem motorista                                                           BDI=",{"$nulls":4},"Preço FIPE - Agosto/2023",{"$nulls":4},"PRODUTO","MENOR","COT. 1","COT. 2","COT. 3","COT. 4","COT. 5","COT. 6","COT. 7","COT. 8","COT. 9",null,"PRODUTO ","MENOR","COT. 1","COT. 2","COT. 3","COT. 4","COT. 5","COT. 6","COT. 7","COT. 8","COT. 9"]
["Veículo Leve 1.0 T. Flex 12V 5p",{"$nulls":4},"Volksvagen Gol 1.0","HB20 Platinum 1.0 TB Flex 12V Aut.","ONIX HATCH LT 1.0 12V Flex 5p Mec.","MOBI TREKKING 1.0 Flex 5p.",null,"LUBRIFICANTE 15W40",{"$f":"SMALL(M4:N4,1)","v":24.21},30.01,24.21,35.56,23.28,30,24.15,20.38,28.9,22,null,"Pneu 185/65 R14",{"$f":"SMALL(Y4:Z4,1)","v":289.75},237.41,351.95,{"$f":"912.9/4","v":228.22499999999999},289.75,274.89999999999998,340,289.75,319.89999999999998,399]
[null,null,"Custo Mensal (R$):",{"$f":"D49","v":3474.2351535442594},null,67612,99938,83007,62748,null,null,""]
[null,null,"Custo Diário (R$):",{"$f":"D7/22","v":157.91977970655725}]
[null,null,"Custo Horário (R$):",{"$f":"D7/176","v":19.739972463319656}]
[null,null,"Custo por Km (R$):",{"$f":"D7/D23","v":1.2147675362042865}]
["A",null,"Depreciação mensal do equipamento"]
["A1",null,"Preço de Aquisição ",{"$f":"SMALL(G4:H4,1)","v":75309.5}]
["A2",null,"Tempo previsto de vida útil (meses)",36]
["A3",null,"Previsão de recup. Na venda do bem usado",0.4]
["A4",null,"Custo mensal [A1-(A3xA1)]/A2",{"$f":"(D12-(D14*D12))/D13","v":1255.1583333333333}]
["B",null,"Juros pelo Capital empregado"]
["B1",null,"Taxa mensal de Juros *",{"$f":"POWER(1+D56,1/12)-1","v":1.0793911082132235E-2}]
["B2",null,"Juros s/depreciação/aluguel (B1xA4)",{"$f":"D17*D15","v":13.548067443997292}]
["C",null,"Conservação e manutenção **",0.75]
["C1",null,"Taxa de gastos s/a deprec. Inc. seguros (%)",{"$f":"D19","v":0.75}]
["C2",null,"Incidência mensal (C1xA4)",{"$f":"D20*D15","v":941.36874999999998}]
["D",null,"Combustível"]
["D1",null,"Média mensal de quilômetro por veículo",{"$f":"D54*22","v":2860}]
["D2",null,"Preço do litro de combustível",5.65]
["D3",null,"Quilômetros rodados com um litro combustivel",{"$f":"(12.8+13.3+15.3+15)/4","v":14.100000000000001}]
["D4",null,"Combustivel    (D1/D3)*D2",{"$f":"(D23/D25)*D24","v":1146.0283687943263}]
["E",null,"Lubrificantes"]
["E1",null,"Quilometragem do Contrato (D1*12)",{"$f":"D23*36","v":102960}]
["E2",null,"Franquia por troca de óleo (km)",10000]
["E3",null,"Preço do litro de óleo",{"$f":"L6","v":24.21}]
["E4",null,"Quantidade de litros de óleo por troca",4]
["E5",null,"Quantidade de dias do Contrato",{"$f":"365*3","v":1095}]
["E6",null,"Lubrificantes  E = (E1*E3*E4*30)/E2*E5",{"$f":"(D28*D30*D31*30)/(D29*D32)","v":27.316839452054793}]
["F",null,"Pneus"]
["F1",null,"Quilometragem do Contrato ",{"$f":"D28","v":102960}]
["F2",null,"Vida do Pneu em quilômetros",45000]
["F3",null,"Quantidade de pneus",5]
["F4",null,"Preço do Pneu",{"$f":"X6","v":289.75}]
["F5",null,"Quantidade de dias do contrato ",{"$f":"D32","v":1095},{"$nulls":6},"https://www.google.com/search?q=lubrificante+15w40+1l&sa=X&biw=1600&bih=757&tbm=shop&sxsrf=AJOqlzUezMM_9i0M4NKjKqAMycLuOygp_g%3A1677158931166&ei=E2r3Y5e2CcH31sQPsK67CA&ved=0ahUKEwjXi8vy36v9AhXBu5UCHTDXDgEQ4dUDCAg&uact=5&oq=lubrificante+15w40+1l&gs_lcp=Cgtwcm9kdWN0cy1jYxADMgsIABAWEB4Q8QQQGDoICAAQgAQQsAM6CQgAEAcQHhCwAzoJCAAQCBAeELADOgkIABAeELADEBg6DggAEAUQHhDxBBCwAxAYOgUIABCABDoGCAAQFhAeOggIABAWEB4QGEoECEEYAVDeBFi3DWD0D2gBcAB4AIABpQWIAZAIkgEHMy0xLjAuMZgBAKABAcgBCsABAQ&sclient=products-cc"]
["F6",null,"Pneus = (F1*F3*F4*30)/(F2*F5)",{"$f":"(D35*D37*D38*30)/(D36*D39)","v":90.814794520547949}]
["G",null,"Motorista"]
["G1",null,"Salário com encargos sociais",0]
["H",null,"Custo Mensal"," ",{"$nulls":17},"https://www.google.com/search?q=Pneu+185%2F65+R14&sa=X&hl=pt-BR&biw=1600&bih=757&tbm=shop&sxsrf=AJOqlzVJW-LYM1ZPHImwhsD-4UwyAvTluQ%3A1677158863331&ei=z2n3Y-uxE-zT1sQP0r-OmAs&ved=0ahUKEwir1Z7S36v9AhXsqZUCHdKfA7MQ4dUDCAg&uact=5&oq=Pneu+185%2F65+R14&gs_lcp=Cgtwcm9kdWN0cy1jYxADMgsIABCABBCxAxCDATIFCAAQgAQyBQgAEIAEMgUIABCABDIFCAAQgAQyBQgAEIAEMgUIABCABDIFCAAQgAQyBQgAEIAEMgUIABCABEoECEEYAFD5A1jGCWC1EGgAcAB4AIABrQmIAdcbkgEHNS0yLjAuMpgBAKABAcABAQ&sclient=products-cc"]
[null,null,"Sem Motorista (A4+B2+C2+D4+E6+F6)",{"$f":"D15+D18+D21+D26+D33+D40","v":3474.2351535442594}]
[null,null,"Com Motorista (A4+B2+C2+D4+E6+F6+G1)",{"$f":"D15+D18+D21+D26+D33+D40+D42","v":3474.2351535442594}]
["I",null,"Custo Direto p/ km Rodado"]
[null,null,"Sem Motorista",{"$f":"D44/D23","v":1.2147675362042865}]
[null,null,"Com Motorista",{"$f":"D45/D23","v":1.2147675362042865}]
["J",null,"Preço cobrado sem BDI",{"$f":"D44*(1+D5)","v":3474.2351535442594}]
["J1",null,"Sem Motorista",{"$f":"D49","v":3474.2351535442594}]
["J2",null,"Com Motorista",{"$f":"D45","v":3474.2351535442594}]
[]
[null,null,"OBSERVAÇÕES:"]
[null,null,"Média estimada de quilometragem rodados por dia:",130]
["*",null,"Calculado com base na taxa SELIC agosto/2022 - 13,75 % a.a"]
[null,null,"SELIC AGOSTO / 2022  -  Taxa de Juros Selic — Português (Brasil) (www.gov.br) ",0.13750000000000001]
[]
["**",null,"Conservação e manutenção - é calculado com o uso de um coeficiente multiplicador \"k\", conforme tabela abaixo, sobre a "]
[null,null,"depreciação mensal do equipamento (Item A da planilha de composição de preços). Os valores de K são fornecidos por"]
[null,null," fabricantes. "]
[null,null,"Metodologia conforme a bibliografia \"Como Preparar Orçamentos de Obras\", 3 edição, Aldo Dórea Mattos, 2019."]
{"$rows_empty":25}
[{"$nulls":5},"https://precos.petrobras.com.br/sele%C3%A7%C3%A3o-de-estados-gasolina"]

{"sheet":"Drone","index":12,"n_rows":29,"n_cols":18,"rows_kept":29,"cut":false,"hidden":false,"merged":[[14,21,14,25]]}
[]
[]
["COTAÇÃO Software p/ o drone - Agisoft Metashape - 28/07/2023"]
["Fonte: Google shopping"]
[{"$nulls":12},"Cotação 1","Cotação 2","Cotação 3","Cotação 4","Cotação 5"]
[{"$nulls":12},99.9,49.9,49.9]
[{"$nulls":10},"CV=",{"$f":"STDEVA(M6:Q6)/AVERAGE(M6:Q6)","v":0.43366319668725029}]
[{"$nulls":10},"Média:",{"$f":"AVERAGE(M6:Q6)","v":66.566666666666677}]
[{"$nulls":10},"Mediana:",{"$f":"MEDIAN(M6:Q6)","v":49.9}]
[{"$nulls":10},"Menor:",{"$f":"SMALL(L8:L9,1)","v":49.9}]
{"$rows_empty":10}
["COTAÇÃO Software p/ o drone - Agisoft Metashape - 28/07/2023"]
["Fonte: Google shopping"]
[]
[{"$nulls":12},"Cotação 1","Cotação 2","Cotação 3","Cotação 4","Cotação 5","Cotação 6"]
[{"$nulls":12},31199,49990,31500,29580,25483.17,39990.9]
[{"$nulls":10},"CV=",{"$f":"STDEVA(M25:R25)/AVERAGE(M25:R25)","v":0.25683865488995916}]
[{"$nulls":10},"Média:",{"$f":"AVERAGE(M25:R25)","v":34623.844999999994}]
[{"$nulls":10},"Mediana:",{"$f":"MEDIAN(M25:R25)","v":31349.5}]
[{"$nulls":10},"Menor:",{"$f":"SMALL(L27:L28,1)","v":31349.5}]

{"sheet":"COT. VANT","index":13,"n_rows":17,"n_cols":10,"rows_kept":17,"cut":false,"hidden":false,"merged":[[1,0,1,9],[7,0,9,0],[7,1,7,5],[8,1,8,5],[9,1,9,5]]}
[]
["COTAÇÃO ORÇAMENTÁRIA DE LEVANTAMENTO PLANIALTIMÉTRICO POR MEIO DE VANT PARA ÁREA NA CIDADE DE PINDARÉ-MIRIM-MA"]
["MÊS/ANO DE REFERÊNCIA ","ÁREA DO PROJETO [ha]","EMPRESA","LOCALIDADE","WEBSITE","CONTATO","AVALIAÇÃO TÉCNICA DA PROPOSTA","PREÇO","PREÇO UNITÁRIO","RELAÇÃO CUSTO-BENEFÍCIO"]
["2022-09-01",50,1,null,null,null,"SATISFATÓRIA",9800,{"$f":"(H4/B4)","v":196},"A"]
["2022-09-01",50,2,null,null,null,"SATISFATÓRIA",13240.5,{"$f":"(H5/B5)","v":264.81},"B"]
["2022-09-01",50,3,null,null,null,"SATISFATÓRIA",63000,1260,"C"]
[]
["Observações","  1. Na cotação acima já estão iclusos: Planejamento Aerotogramétrico, Voo Aerotoforamétrico, Apoio de Campo, Aerotriangulação, Restituição, MDT, MDS, Ortofotos, Edição/Revisão e Entrega Final.",{"$nulls":4},"CV com todos valores:",{"$f":"STDEVA(H4:H6)/AVERAGE(H4:H6)","v":1.0380549324194583}]
[null,"  2. INCONCLUSIVA: não apresentou o orçamento de forma detalhada.",{"$nulls":4},"CV tirando o maior valor:",{"$f":"STDEVA(H4:H5)/AVERAGE(H4:H5)","v":0.21117604918923782}]
[null,"  3. SATISFATÓRIA: apresentou, no mínimo, os requisitos básicos de um orçamento.",{"$nulls":4},"Média tirando o maior valor:",{"$f":"AVERAGE(H4:H5)","v":11520.25},"Valor para a área de 65ha"]
[null,"4-Para o valor do serviço de Vant, considerou-se a média tirando o maior valor das cotações recebidas, pois o CV (coeficiente de variação) está muito elevado com as 3 cotaçoes."]
[null,"5-As cotações recebidas foram utilizadas para o serviço de levantamento do Ramal do Manga no Amapá, referente a um trecho de 6,5km de rodovia, com área total estimadade de 65ha."]
[null,"Dessa forma, para a cotação representativa deste serviço, realizou-se a parametrização proporcional a área de estudo do serviço a ser realizado."]
[]
[null,"Portanto:"]
[null,null,{"$f":"I10","v":"Valor para a área de 65ha"},{"$f":"H10","v":11520.25}]
[null,null,"Valor unitário para a área de 1ha",{"$f":"D16/65","v":177.23461538461538}]